O retorno (Record no. 45366)

MARC details
000 -Etiqueta do registo
Valores 00595nam a2200205 4500
010 ## - Número ISBN
ISBN 9789896711160
021 ## - Número do Depósito Legal
Código do país Portugal
Número 418279/16
100 ## - Dados gerais de processamento
Dados gerais 20160630e20152012m y0pory50030103ba
102 ## - País de publicação
País Portugal
200 1# - Titulo e menção de responsabilidade
Título próprio O retorno
Primeira menção de responsabilidade Dulce Maria Cardoso
205 ## - Menção da edição
Edição 15 ª.ed.,
210 #9 - Publicação
Local de publicação Lisboa
Nome do editor Tinta-da-China,
Data de publicação 2016
215 ## - Descrição física 
Paginação / Volumes 267, [5] p.
Dimensões 19 cm
675 ## - CDU
Notação 821.134.3-3
Edição BN
Língua por
700 #1 - Autor principal (pessoa individual)
Apelido Cardoso,
Nome Dulce Maria,
Datas 1964-
801 #0 - Fonte de origem
País PT
Agência BN
Regras de catalogação RPC
856 41 - Localização e acesso electrónico 
URL <a href="http://rnod.bnportugal.gov.pt/ImagesBN/winlibimg.aspx?skey=&doc=1935403&img=78765&save=true">http://rnod.bnportugal.gov.pt/ImagesBN/winlibimg.aspx?skey=&doc=1935403&img=78765&save=true</a>
990 ## - Elementos KOHA
Tipo de documento Livro
Holdings
Estado Biblioteca de origem Código de barras Cota Permissão de empréstimo Tipo de documento Empréstimo Forma de aquisição
  Biblioteca Municipal de Redondo 050796 821.134.3-3 CAR   MON Biblioteca Municipal de Redondo  

Powered by Koha